[Event "Mittelfranken-ch"]
[Site "Germany"]
[Date "1995.??.??"]
[Round "1"]
[White "Kotissek, Philipp"]
[Black "Triftshaeuser, Armin"]
[Result "1/2-1/2"]
[WhiteElo "2035"]
[BlackElo "1765"]
[PlyCount "81"]
[EventDate "1995.??.??"]
[EventType "swiss"]
[EventRounds "9"]
[EventCountry "GER"]
[SourceTitle "EXT 1997"]
[Source "ChessBase"]
[SourceDate "1996.11.15"]
[SourceVersion "1"]
[SourceVersionDate "1996.11.15"]
[SourceQuality "1"]

1. c4 e6 2. Nf3 d5 3. g3 Nf6 4. b3 c6 5. Bg2 Bd6 6. Bb2 Nbd7 7. 0-0 0-0 8. d3 Qe7 9. Nbd2 Rd8 10. e4 dxe4 11. dxe4 e5 12. Nh4 Ba3 13. Nf5 Qc5 14. Qc1 Bxb2 15. Qxb2 g6 16. b4 Qf8 17. Ne3 Qe7 18. f4 b6 19. f5 g5 20. g4 Bb7 21. h4 h6 22. hxg5 hxg5 23. Qc3 a5 24. a3 a4 25. Rae1 Qd6 26. Qc1 Qd4 27. Nf3 Qxe4 28. Nxg5 Qd3 29. Rd1 Qb3 30. Ne4 Nxe4 31. Bxe4 Nf6 32. Bg2 Rd3 33. Rxd3 Qxd3 34. Rd1 Qe2 35. Re1 Qd3 36. g5 Nh5 37. Bf3 Ng3 38. Kg2 Nxf5 39. Nxf5 Qxf5 40. Be4 Qg4+ 41. Kf2 1/2-1/2

[Event "Mittelfranken-ch"]
[Site "Germany"]
[Date "1995.??.??"]
[Round "4"]
[White "Triftshaeuser, Armin"]
[Black "Kroneder, Hans Christian"]
[Result "0-1"]
[WhiteElo "1765"]
[BlackElo "2030"]
[PlyCount "50"]
[EventDate "1995.??.??"]
[EventType "swiss"]
[EventRounds "9"]
[EventCountry "GER"]
[SourceTitle "EXT 1997"]
[Source "ChessBase"]
[SourceDate "1996.11.15"]
[SourceVersion "1"]
[SourceVersionDate "1996.11.15"]
[SourceQuality "1"]

1. f4 g6 2. Nf3 Bg7 3. d3 d5 4. e3 Nf6 5. Be2 b6 6. 0-0 e6 7. Ne5 Bb7 8. Bf3 Nfd7 9. d4 f6 10. Nd3 0-0 11. c4 c6 12. Qb3 Qe7 13. Nc3 dxc4 14. Qxc4 Ba6 15. Qb4 Qxb4 16. Nxb4 Bxf1 17. Kxf1 Rc8 18. d5 exd5 19. Nbxd5 Kf8 20. b3 cxd5 21. Ba3+ Ke8 22. Nb5 Bf8 23. Bxd5 Bxa3 24. Nxa3 Nc6 25. Nb5 Ke7 0-1